| 000 | 01721nam a2200325Ia 4500 | ||
|---|---|---|---|
| 999 |
_c55131 _d55131 |
||
| 001 | 22206 | ||
| 003 | GE_BSU | ||
| 005 | 20221214162632.0 | ||
| 008 | 181216s2010||||ge |||||||||||||| ||geo|| | ||
| 020 | _a9789941027413 | ||
| 040 | _cGE_BSU | ||
| 041 | _ageo | ||
| 080 | _a368(075.8) გ-47 | ||
| 100 |
_aგიგოლაშვილი, გიორგი _916416 |
||
| 245 |
_aსადაზღვევო საქმე : _b სახელმძღვ. / _cგიორგი გიგოლაშვილი ; რედ. ლევან კალანდაძე. |
||
| 264 |
_aთბილისი : _bკომერსანტი, _c2010. |
||
| 300 |
_a261 გვ. ; _bცხრ. ; _c23 სმ. |
||
| 500 | _aგამოცემის ინიციატორია არდი ჯგუფი - სადაზღვევო კომპანია | ||
| 541 | _h12ლ. | ||
| 653 | _aდაზღვევა | ||
| 653 | _aდაზღვევის ფუნდამენტური ცნებები და პრინციპები | ||
| 653 | _a რისკი, ზარალი და დაზღვევა | ||
| 653 | _a სადაზღვევო პროდუქტი და სადაზღვევო დოკუმენტაცია | ||
| 653 | _a სადაზღვევო პროცესი | ||
| 653 | _a ანდერაიტინგი და გადაზღვევა | ||
| 653 | _a ზარალების მართვა | ||
| 653 | _aსადაზღვევო საქმე | ||
| 700 |
_aკალანდაძე, ლევან _eრედაქტორი _916417 |
||
| 942 |
_cBK _2udc |
||